01577nam a2200373 a 4500001001000000003000500010005001700015008004100032010001100073011001100084040000900095090001000104100004200114245016400156260004200320500006000362502007700422590004100499590004100540590004000581590004000621590004000661650003100701650003900732650002300771650002200794856007000816901000700886942001000893942000600903999001900909952013500928952014001063000108604CHAP20220329144018.0140226s2012 mx a sm |||||||spa d a105066 a106038 cCHAP aTesis1 aGómez López, Rufino Aaron912562310aEvaluación de sustrato en la germinación y desarrollode plátulas de tigridia (tigridia pavonia L.f. DC.)h[En línea]cpor Rufino Aaron Gómez López. aChapingo, Méx. :bEl autor.,c2012. aPara ver el contenido del material haga clic en la liga aTesis (Ing. Agr. Esp. en Fitotecnia) -- UACH. Departamento de Fitotecnia aBATCH-UPDb05c20140324lUCH01h1535 aBATCH-UPDb05c20141002lUCH01h0856 aE5652GLJb05c20140226lUCH01h1350 aE5652GLJb05c20140226lUCH01h1352 aE5652GLJb05c20141029lUCH01h092614aMateria orgánica.97293114aPlántulasxGerminación.98919514aSustratos.911078914aTigridia.9113279 aFinding aiduhttp://10.13.5.2/tesis/sist108604.pdfzTeclea aquí aBK cTESIS n0 c105066d105066 00102local4051708TESISaBCbBCcPA_TESISd2014-02-26fTESISl0oTesisp33724002358983r2019-12-31 00:00:00w2014-02-26yTESIS 00102local4053708TESISaBCbBCcPA_TESISd2014-02-26fTESISl0oTesisp33724002359025r2019-12-31 00:00:00tc.2w2019-12-31yTESIS